[Event "Cesenatico op-A 20th"]
[Site "Cesenatico"]
[Date "2016.09.08"]
[Round "6"]
[White "Rotstein, Arkadij"]
[Black "Mauro, Alan"]
[Result "1-0"]
[WhiteElo "2510"]
[BlackElo "2142"]
[PlyCount "55"]
[EventDate "2016.09.03"]
[EventType "swiss"]
[EventRounds "9"]
[EventCountry "ITA"]
[SourceTitle "EXT 2024"]
[Source "ChessBase"]
[SourceDate "2023.10.10"]
[SourceVersion "1"]
[SourceVersionDate "2023.10.10"]
[SourceQuality "1"]

1. d4 g6 2. e4 Bg7 3. g3 c5 4. d5 d6 5. Bg2 Nf6 6. Nc3 0-0 7. Nf3 a6 8. a4 b6 9. 0-0 Ra7 10. h3 Qc7 11. Re1 Nbd7 12. Bf4 Nh5 13. Bg5 Ne5 14. Nd2 Rb7 15. Qe2 Rb8 16. g4 Nf6 17. f4 Nexg4 18. hxg4 Nxg4 19. Nd1 b5 20. axb5 axb5 21. Nf3 c4 22. c3 e6 23. Ne3 exd5 24. Nxg4 Bxg4 25. exd5 h6 26. Bh4 Qc5+ 27. Qf2 Qxd5 28. Ne5 1-0

[Event "Cesenatico op 19th"]
[Site "Cesenatico"]
[Date "2015.09.06"]
[Round "2"]
[White "Mauro, Alan"]
[Black "Mrdja, Milan"]
[Result "1/2-1/2"]
[WhiteElo "2127"]
[BlackElo "2364"]
[PlyCount "143"]
[EventDate "2015.09.05"]
[EventType "swiss"]
[EventRounds "9"]
[EventCountry "ITA"]
[SourceTitle "EXT 2016"]
[Source "ChessBase"]
[SourceDate "2015.10.08"]
[SourceVersion "1"]
[SourceVersionDate "2015.10.08"]
[SourceQuality "1"]

1. e4 c5 2. Nf3 d6 3. c3 Nf6 4. Be2 Nbd7 5. d3 b6 6. 0-0 Bb7 7. c4 e6 8. Nc3 Be7 9. Bf4 Qc7 10. a4 0-0 11. Re1 a6 12. Bf1 Ne5 13. h3 Nfd7 14. Bg3 Nxf3+ 15. gxf3 Rae8 16. f4 Bf6 17. Bg2 Bd4 18. a5 bxa5 19. Qa4 Nb8 20. Qxa5 Qe7 21. Qb6 Rc8 22. Ne2 Nc6 23. Rab1 Rb8 24. e5 Nxe5 25. fxe5 Bxg2 26. Qxd6 Qb7 27. Nxd4 cxd4 28. Kh2 Rfd8 29. Qa3 Bf3 30. b4 h6 31. b5 axb5 32. Rxb5 Qc7 33. Qb2 Ra8 34. Rb6 Bc6 35. Qb4 Bf3 36. Qb2 Bc6 37. Qb4 Rac8 38. Qc5 Qd7 39. Qd6 Qe8 40. Qb4 Kh8 41. Rb1 Qg8 42. Qe7 Rd7 43. Qa3 Kh7 44. Qa6 Rdc7 45. Qa3 Qd8 46. Qc1 Qg5 47. Qxg5 hxg5 48. f4 gxf4 49. Bxf4 Ra7 50. Bg3 Ra2+ 51. R6b2 Rca8 52. Bf2 R8a3 53. Rxa2 Rxa2 54. Kg3 Rd2 55. Rb3 g5 56. Rb6 Rxd3+ 57. Kg4 Bg2 58. Kxg5 Rd2 59. Bg3 Kg7 60. Kf4 Rd1 61. Bh4 Rf1+ 62. Kg3 Be4 63. Rd6 Rf3+ 64. Kg4 Rd3 65. Bf6+ Kh6 66. Rd8 Bf5+ 67. Kf4 Rd1 68. c5 Rf1+ 69. Kg3 Rg1+ 70. Kf2 Rc1 71. Rxd4 Rxc5 72. Kf3 1/2-1/2

[Event "ITA-chT 47th"]
[Site "Civitanova Marche"]
[Date "2015.04.30"]
[Round "3.6"]
[White "Sorcinelli, Francesco"]
[Black "Mauro, Alan"]
[Result "1-0"]
[WhiteElo "2140"]
[BlackElo "2134"]
[PlyCount "57"]
[EventDate "2015.04.29"]
[EventType "team-swiss"]
[EventRounds "7"]
[EventCountry "ITA"]
[SourceTitle "CBM 166 Extra"]
[Source "ChessBase"]
[SourceDate "2015.06.18"]
[SourceVersion "1"]
[SourceVersionDate "2015.06.18"]
[SourceQuality "1"]
[WhiteTeam "Torino"]
[BlackTeam "Firenze"]
[WhiteTeamCountry "ITA"]
[BlackTeamCountry "ITA"]

1. e4 c5 2. Nf3 Nc6 3. Bb5 g6 4. Bxc6 bxc6 5. d4 cxd4 6. Qxd4 Nf6 7. e5 Nd5 8. c4 Nc7 9. 0-0 Bg7 10. Nc3 Ne6 11. Qh4 h6 12. Re1 Qb6 13. Bd2 g5 14. Qe4 Nc5 15. Qc2 Ne6 16. Rad1 Bb7 17. b4 0-0 18. c5 Qc7 19. h4 g4 20. Nh2 h5 21. Qf5 f6 22. exf6 Rxf6 23. Qxh5 g3 24. fxg3 Rf7 25. Ne4 Raf8 26. Ng4 Rf5 27. Nh6+ Bxh6 28. Qxh6 R5f7 29. Bc3 1-0

[Event "Cesenatico op 16th"]
[Site "Cesenatico"]
[Date "2012.09.01"]
[Round "1"]
[White "Mauro, Alan"]
[Black "Petkov, Vladimir"]
[Result "0-1"]
[WhiteElo "2184"]
[BlackElo "2522"]
[PlyCount "58"]
[EventDate "2012.09.01"]
[EventType "swiss"]
[EventRounds "9"]
[EventCountry "ITA"]
[SourceTitle "CBM 150 Extra"]
[Source "ChessBase"]
[SourceDate "2012.10.19"]
[SourceVersion "1"]
[SourceVersionDate "2012.10.19"]
[SourceQuality "1"]

1. e4 e5 2. Nf3 Nc6 3. Bb5 Nf6 4. Qe2 Bc5 5. 0-0 0-0 6. c3 d5 7. d3 Bg4 8. Bg5 dxe4 9. dxe4 h6 10. Bh4 Qd6 11. h3 Bh5 12. Nbd2 a6 13. Nc4 Qe6 14. Bxc6 Qxc6 15. Ncxe5 Qxe4 16. Qxe4 Nxe4 17. Rfe1 f5 18. g4 Be8 19. gxf5 Nd6 20. f6 gxf6 21. Nd3 Bb6 22. Kh2 Nf5 23. Re4 Bc6 24. Rg4+ Kh7 25. Nd4 Bxd4 26. cxd4 Rad8 27. Rf4 Rxd4 28. Rxf5 Rxh4 29. Ne5 Be4 0-1

[Event "Florence op 17th"]
[Site "Florence"]
[Date "2009.12.08"]
[Round "5"]
[White "Mauro, Alan"]
[Black "Madiai, Federico"]
[Result "1/2-1/2"]
[WhiteElo "2174"]
[BlackElo "2112"]
[PlyCount "107"]
[EventDate "2009.12.06"]
[EventType "swiss"]
[EventRounds "6"]
[EventCountry "ITA"]
[SourceTitle "EXT 2012"]
[Source "ChessBase"]
[SourceDate "2011.11.24"]
[SourceVersion "1"]
[SourceVersionDate "2011.11.24"]
[SourceQuality "1"]

1. e4 e5 2. Nf3 Nc6 3. Bb5 Nf6 4. Qe2 d6 5. 0-0 Bd7 6. c3 g6 7. d4 Qe7 8. Bg5 Bg7 9. dxe5 dxe5 10. c4 a6 11. Ba4 h6 12. Bxf6 Qxf6 13. Nc3 0-0-0 14. Nd5 Qe6 15. b4 Nd4 16. Nxd4 exd4 17. Bxd7+ Rxd7 18. b5 d3 19. Qe3 Bxa1 20. Qa7 Rxd5 21. cxd5 Qf6 22. bxa6 bxa6 23. d6 Qxd6 24. Rxa1 Qc6 25. Rb1 d2 26. Qb8+ Kd7 27. Qb2 Rd8 28. Qxd2+ Ke8 29. Qxh6 Qxe4 30. Rc1 c5 31. h3 c4 32. Qg5 Rc8 33. Qa5 Qe6 34. Qc3 Qd5 35. Re1+ Kd7 36. Qa3 Re8 37. Qa4+ Qb5 38. Qd1+ Kc7 39. Rxe8 Qxe8 40. Qd5 Qc6 41. Qxf7+ Kb6 42. Qe7 c3 43. Qb4+ Ka7 44. Qd4+ Kb7 45. Qb4+ Kc7 46. Qe7+ Kb8 47. Qb4+ Kc8 48. Qf8+ Kd7 49. Qf7+ Kc8 50. Qf8+ Kb7 51. Qe7+ Qc7 52. Qb4+ Ka8 53. Qe4+ Kb8 54. Qb4+ 1/2-1/2

[Event "Florence op 17th"]
[Site "Florence"]
[Date "2009.12.08"]
[Round "6"]
[White "Mauro, Alan"]
[Black "Tocchioni, Doriano"]
[Result "0-1"]
[WhiteElo "2174"]
[BlackElo "2290"]
[PlyCount "70"]
[EventDate "2009.12.06"]
[EventType "swiss"]
[EventRounds "6"]
[EventCountry "ITA"]
[SourceTitle "EXT 2012"]
[Source "ChessBase"]
[SourceDate "2011.11.24"]
[SourceVersion "1"]
[SourceVersionDate "2011.11.24"]
[SourceQuality "1"]

1. e4 Nc6 2. Nf3 d6 3. d4 Nf6 4. c3 a6 5. Be2 Bg4 6. 0-0 Bxf3 7. gxf3 e6 8. Kh1 Ne7 9. Qb3 Rb8 10. Be3 d5 11. Nd2 Ng6 12. c4 c6 13. Rg1 Be7 14. Qc2 Rc8 15. e5 Nh5 16. Rg4 c5 17. Qa4+ Qd7 18. Qxd7+ Kxd7 19. cxd5 exd5 20. dxc5 Bxc5 21. Rg5 Nhf4 22. Bf1 Ne6 23. Bh3 d4 24. Rf5 dxe3 25. Rxf7+ Ke8 26. Bxe6 exd2 27. Rd1 Bxf2 28. Rxd2 Rc1+ 29. Kg2 Be3 30. Rdd7 Rg1+ 31. Kh3 Nf4+ 32. Rxf4 Bxf4 33. Rxb7 Bxe5 34. Bd5 g5 35. Rb6 Kd7 0-1

[Event "ITA-chT"]
[Site "Arvier"]
[Date "2008.05.03"]
[Round "5.5"]
[White "Marelli, Mauro"]
[Black "Mauro, Alan"]
[Result "0-1"]
[WhiteElo "2256"]
[BlackElo "2187"]
[PlyCount "86"]
[EventDate "2008.05.01"]
[EventType "team"]
[EventRounds "7"]
[EventCountry "ITA"]
[SourceTitle "CBM 124 Extra"]
[Source "ChessBase"]
[SourceDate "2008.07.03"]
[SourceVersion "1"]
[SourceVersionDate "2008.07.03"]
[SourceQuality "1"]

1. d4 g6 2. c4 Bg7 3. Nc3 d6 4. e4 Nc6 5. Nge2 e5 6. Be3 exd4 7. Nxd4 Nf6 8. Nxc6 bxc6 9. Be2 0-0 10. 0-0 Re8 11. Qc2 Qe7 12. Bd3 Ng4 13. Bf4 Be5 14. Qd2 Rb8 15. Rab1 Qf6 16. Bxe5 Qxe5 17. g3 Qh5 18. f3 Ne5 19. Be2 Nxc4 20. Qd4 Nb6 21. f4 Bg4 22. Bxg4 Qxg4 23. f5 Qg5 24. Rf4 Re5 25. Rbf1 Rf8 26. Kg2 Qe7 27. f6 Qe6 28. Qe3 Rh5 29. g4 Rg5 30. Kh1 Nd5 31. Nxd5 cxd5 32. h4 Re5 33. Kh2 Kh8 34. Qxa7 Rxe4 35. Qxc7 Rxf4 36. Rxf4 Qe2+ 37. Kg3 Re8 38. Rf3 Qe1+ 39. Kh3 Qh1+ 40. Kg3 Qg1+ 41. Kh3 h5 42. gxh5 gxh5 43. Qd7 Rg8 0-1

[Event "ITA-chT"]
[Site "Arvier"]
[Date "2008.05.02"]
[Round "4.3"]
[White "Mauro, Alan"]
[Black "Hautala, Roman"]
[Result "1/2-1/2"]
[WhiteElo "2187"]
[BlackElo "2239"]
[PlyCount "41"]
[EventDate "2008.05.01"]
[EventType "team"]
[EventRounds "7"]
[EventCountry "ITA"]
[SourceTitle "CBM 124 Extra"]
[Source "ChessBase"]
[SourceDate "2008.07.03"]
[SourceVersion "1"]
[SourceVersionDate "2008.07.03"]
[SourceQuality "1"]

1. e4 d6 2. d4 Nf6 3. Nc3 g6 4. Be2 Bg7 5. h4 c5 6. dxc5 Qa5 7. Kf1 Qxc5 8. h5 Nxh5 9. Bxh5 Bxc3 10. bxc3 gxh5 11. Qd4 Qxd4 12. cxd4 Nc6 13. d5 Nb4 14. Bb2 f6 15. a3 Na6 16. Bd4 Bd7 17. Rb1 b6 18. Ne2 Ba4 19. Rb2 Rc8 20. c3 Nc5 21. Bxc5 1/2-1/2

[Event "ITA-chT"]
[Site "Arvier"]
[Date "2008.05.01"]
[Round "1.5"]
[White "Ronchetti, Niccolo"]
[Black "Mauro, Alan"]
[Result "1-0"]
[WhiteElo "2327"]
[BlackElo "2187"]
[PlyCount "89"]
[EventDate "2008.05.01"]
[EventType "team"]
[EventRounds "7"]
[EventCountry "ITA"]
[SourceTitle "CBM 124 Extra"]
[Source "ChessBase"]
[SourceDate "2008.07.03"]
[SourceVersion "1"]
[SourceVersionDate "2008.07.03"]
[SourceQuality "1"]

1. e4 c5 2. Nf3 Nc6 3. Bb5 g6 4. 0-0 Bg7 5. c3 Nf6 6. Qa4 0-0 7. d4 cxd4 8. cxd4 d6 9. d5 Nb8 10. Nc3 Nbd7 11. Be3 Nc5 12. Qc2 a6 13. Be2 Bg4 14. b4 Ncd7 15. Qb3 Rc8 16. Rac1 Bxf3 17. Bxf3 Ne5 18. Be2 b5 19. a4 Nc4 20. Bf4 bxa4 21. Nxa4 g5 22. Bxg5 Nxe4 23. Bxc4 Nxg5 24. Qe3 h6 25. h4 Nh7 26. Bxa6 Rxc1 27. Rxc1 Qa8 28. Rc6 Nf6 29. Qd3 Ng4 30. Nb6 Qa7 31. b5 Rb8 32. Qf5 Ne5 33. Rc8+ Bf8 34. Rxb8 Qxb8 35. Nd7 Qc7 36. Nxe5 dxe5 37. g3 Qd6 38. Bb7 e6 39. Qe4 f5 40. Qc4 exd5 41. Bxd5+ Kh8 42. Bc6 e4 43. Qf7 e3 44. Bd5 exf2+ 45. Kf1 1-0

[Event "Bratto op 23rd"]
[Site "Bratto"]
[Date "2003.08.27"]
[Round "7"]
[White "Barletta, Antonio"]
[Black "Mauro, Alan"]
[Result "1/2-1/2"]
[WhiteElo "2053"]
[BlackElo "2222"]
[PlyCount "44"]
[EventDate "2003.08.21"]
[EventType "swiss"]
[EventRounds "9"]
[EventCountry "ITA"]
[SourceTitle "EXT 2004"]
[Source "ChessBase"]
[SourceDate "2003.11.25"]
[SourceVersion "1"]
[SourceVersionDate "2003.11.25"]
[SourceQuality "1"]

1. e4 c5 2. Nf3 d6 3. d4 cxd4 4. Nxd4 Nf6 5. Nc3 g6 6. Be3 Bg7 7. f3 0-0 8. Bc4 Nc6 9. Qd2 a5 10. a4 Bd7 11. Nde2 Ne5 12. Bb3 Be6 13. 0-0 Qd7 14. Bh6 Rfc8 15. Bxg7 Kxg7 16. Nf4 Bxb3 17. cxb3 Qc6 18. Kh1 Qc5 19. Nfd5 Nxd5 20. Nxd5 Qc2 21. Qd4 Qc5 22. Qd2 Qc2 1/2-1/2

[Event "Bratto op 23rd"]
[Site "Bratto"]
[Date "2003.08.24"]
[Round "4"]
[White "Mauro, Alan"]
[Black "Luchsinger, Eric"]
[Result "1-0"]
[WhiteElo "2222"]
[BlackElo "2094"]
[PlyCount "120"]
[EventDate "2003.08.21"]
[EventType "swiss"]
[EventRounds "9"]
[EventCountry "ITA"]
[SourceTitle "EXT 2004"]
[Source "ChessBase"]
[SourceDate "2003.11.25"]
[SourceVersion "1"]
[SourceVersionDate "2003.11.25"]
[SourceQuality "1"]

1. e4 e5 2. Nf3 Nf6 3. Nc3 Nc6 4. Bb5 Bb4 5. 0-0 0-0 6. d3 Bxc3 7. bxc3 d6 8. Bg5 Qe7 9. Bxc6 bxc6 10. c4 c5 11. Qd2 Bg4 12. Kh1 Rfb8 13. Rab1 Rb6 14. Rb3 Bd7 15. Qa5 h6 16. Bh4 g5 17. Bg3 Nh5 18. Rfb1 Qe8 19. Qe1 Ba4 20. Rxb6 axb6 21. Qe2 f6 22. Rb2 Bd7 23. Nd2 Nf4 24. Bxf4 gxf4 25. Nb1 Qg6 26. Nc3 Bc6 27. h3 Kh7 28. Rb3 Rg8 29. Qf3 Ra8 30. Kh2 Qg5 31. a4 Kh8 32. Ra3 Ra5 33. Ra1 Ra8 34. Rg1 Rg8 35. Nb5 Bxb5 36. axb5 Ra8 37. g3 Ra2 38. gxf4 Qxf4+ 39. Qxf4 exf4 40. Rc1 Kg7 41. Kg2 Kf7 42. Kf3 Ke6 43. Kxf4 h5 44. f3 Rb2 45. Ke3 Ra2 46. f4 Kf7 47. f5 Ra8 48. Rg1 Rh8 49. Rg6 Rh7 50. h4 Rh8 51. c3 Rh7 52. d4 Rh8 53. Kf4 Rh7 54. e5 dxe5+ 55. dxe5 fxe5+ 56. Kxe5 Kf8 57. Rc6 Ke8 58. Kf6 Kf8 59. Kg6 Rg7+ 60. Kxh5 Kg8 1-0

[Event "Faaker See op 19th"]
[Site "Faaker See"]
[Date "2003.08.14"]
[Round "7"]
[White "Mencinger, Vojko"]
[Black "Mauro, Alan"]
[Result "1-0"]
[WhiteElo "2360"]
[BlackElo "2222"]
[PlyCount "79"]
[EventDate "2003.08.09"]
[EventType "swiss"]
[EventRounds "9"]
[EventCountry "AUT"]
[SourceTitle "CBM 095 Extra"]
[Source "ChessBase"]
[SourceDate "2003.09.04"]
[SourceVersion "1"]
[SourceVersionDate "2003.09.04"]
[SourceQuality "1"]

1. e4 c5 2. Nf3 d6 3. d4 cxd4 4. Nxd4 Nf6 5. Nc3 g6 6. Be3 Bg7 7. f3 0-0 8. Qd2 Nc6 9. Bc4 a5 10. a3 a4 11. 0-0 Qa5 12. Rfd1 Bd7 13. b4 axb3 14. cxb3 Nxd4 15. Bxd4 Qh5 16. a4 Bh6 17. Be3 Bxe3+ 18. Qxe3 Bc6 19. Rac1 Qa5 20. Nd5 Bxd5 21. exd5 Kg7 22. Kf1 Rfe8 23. g4 h6 24. h4 Qb4 25. Rd4 Qb6 26. Qd2 Rac8 27. Kg2 e5 28. dxe6 Rxe6 29. Bxe6 Rxc1 30. Qxc1 Qxd4 31. Qc7 Qd2+ 32. Kh3 Qf4 33. Qxf7+ Kh8 34. Qxb7 Qe5 35. Qc8+ Kg7 36. Qc7+ Kh8 37. Qd8+ Kg7 38. Qe7+ Kh8 39. h5 gxh5 40. Qf8+ 1-0

[Event "Faaker See op 19th"]
[Site "Faaker See"]
[Date "2003.08.13"]
[Round "6"]
[White "Mauro, Alan"]
[Black "Praznik, Niko"]
[Result "1/2-1/2"]
[WhiteElo "2222"]
[BlackElo "2277"]
[PlyCount "102"]
[EventDate "2003.08.09"]
[EventType "swiss"]
[EventRounds "9"]
[EventCountry "AUT"]
[SourceTitle "CBM 095 Extra"]
[Source "ChessBase"]
[SourceDate "2003.09.04"]
[SourceVersion "1"]
[SourceVersionDate "2003.09.04"]
[SourceQuality "1"]

1. e4 e6 2. d4 d5 3. Nc3 Nc6 4. Nf3 Nf6 5. e5 Ne4 6. Bd3 Bb4 7. Bd2 Nxd2 8. Qxd2 f6 9. Bb5 Bd7 10. Bxc6 Bxc6 11. a3 Be7 12. Qe2 f5 13. h4 0-0 14. Qd3 Qe8 15. Ng5 Bd7 16. f4 h6 17. Nf3 Qh5 18. 0-0-0 a6 19. Ne2 Bb5 20. Qe3 Bxe2 21. Qxe2 b5 22. Ng1 Qxe2 23. Nxe2 g6 24. Rd3 c5 25. dxc5 Bxc5 26. Kd2 h5 27. Nd4 Kf7 28. c3 Rfc8 29. Ra1 Rab8 30. g3 Ke7 31. b4 Bxd4 32. Rxd4 a5 33. a4 axb4 34. Rxb4 bxa4 35. Raxa4 Rxb4 36. Ra7+ Rb7 37. Rxb7+ Kf8 38. Kd3 Rc4 39. Ra7 Re4 40. Rc7 Ra4 41. c4 Ra3+ 42. Kd4 dxc4 43. Kc5 Rd3 44. Kxc4 Rxg3 45. Rc6 Ke7 46. Rc7+ Kf8 47. Rd7 Ke8 48. Rg7 Kf8 49. Rh7 Rg1 50. Kc5 Rd1 51. Kc6 Rd2 1/2-1/2

[Event "Faaker See op 19th"]
[Site "Faaker See"]
[Date "2003.08.10"]
[Round "2"]
[White "Mauro, Alan"]
[Black "Gallob, Alois"]
[Result "1-0"]
[WhiteElo "2222"]
[BlackElo "1972"]
[PlyCount "75"]
[EventDate "2003.08.09"]
[EventType "swiss"]
[EventRounds "9"]
[EventCountry "AUT"]
[SourceTitle "CBM 095 Extra"]
[Source "ChessBase"]
[SourceDate "2003.09.04"]
[SourceVersion "1"]
[SourceVersionDate "2003.09.04"]
[SourceQuality "1"]

1. e4 c5 2. Nf3 d6 3. d4 cxd4 4. Nxd4 a6 5. Bd3 g6 6. 0-0 Bg7 7. Ne2 Nc6 8. Kh1 Nf6 9. Nbc3 0-0 10. Bg5 Ne5 11. Qd2 b5 12. f4 Nxd3 13. cxd3 Bb7 14. f5 b4 15. Nd1 a5 16. Bh6 Rc8 17. Bxg7 Kxg7 18. Ne3 Qd7 19. b3 Qb5 20. Rf3 Qe5 21. Raf1 d5 22. exd5 Bxd5 23. Nxd5 Nxd5 24. Rh3 h5 25. Ng3 Rh8 26. d4 Qc7 27. fxg6 fxg6 28. Qg5 Nf6 29. d5 Qd7 30. Nf5+ Kf7 31. Nxe7 Qxe7 32. Rhf3 Kg7 33. Rxf6 Qe8 34. Re6 Rf8 35. Re7+ Rf7 36. Rfxf7+ Qxf7 37. Rxf7+ Kxf7 38. Qf4+ 1-0

[Event "Faakersee op 18th"]
[Site "Latschach"]
[Date "2002.08.12"]
[Round "4"]
[White "Mauro, Alan"]
[Black "Reiss, Georg"]
[Result "1-0"]
[WhiteElo "2215"]
[BlackElo "1938"]
[PlyCount "49"]
[EventDate "2002.08.??"]
[EventType "swiss"]
[EventRounds "9"]
[EventCountry "AUT"]
[SourceTitle "EXT 2006"]
[Source "ChessBase"]
[SourceDate "2005.11.24"]
[SourceVersion "1"]
[SourceVersionDate "2005.11.24"]
[SourceQuality "1"]

1. e4 c5 2. Nf3 d6 3. d4 cxd4 4. Nxd4 Nf6 5. Bd3 g6 6. 0-0 Bg7 7. Kh1 0-0 8. Nc3 Nc6 9. Nxc6 bxc6 10. f4 Rb8 11. Qe1 Bd7 12. Qh4 Qa5 13. f5 Qc5 14. Bd2 Qd4 15. b3 Qb6 16. Rae1 Rbe8 17. Rf3 h5 18. h3 Nh7 19. e5 gxf5 20. Bxf5 Bxf5 21. Rxf5 Bxe5 22. Rexe5 dxe5 23. Rxh5 f6 24. Rxh7 Qd4 25. Qh6 1-0

[Event "Bratto op 21st"]
[Site "Bratto"]
[Date "2001.08.28"]
[Round "7"]
[White "Mauro, Alan"]
[Black "Farina, Saverio"]
[Result "1/2-1/2"]
[WhiteElo "2245"]
[BlackElo "2126"]
[PlyCount "37"]
[EventDate "2001.08.22"]
[EventType "swiss"]
[EventRounds "9"]
[EventCountry "ITA"]
[SourceTitle "EXT 2002"]
[Source "ChessBase"]
[SourceDate "2001.11.25"]
[SourceVersion "1"]
[SourceVersionDate "2001.11.25"]
[SourceQuality "1"]

1. e4 e6 2. d4 d5 3. Nc3 c5 4. Nf3 Nc6 5. Be3 Nf6 6. exd5 exd5 7. dxc5 Be7 8. Be2 Be6 9. 0-0 Ng4 10. Bf4 Bxc5 11. h3 Nf6 12. Nb5 0-0 13. c3 Ne4 14. Bd3 Qf6 15. Bh2 Rad8 16. Bc2 Qg6 17. Nh4 Qg5 18. Nf3 Qg6 19. Nh4 1/2-1/2

[Event "Bratto op 21st"]
[Site "Bratto"]
[Date "2001.08.27"]
[Round "6"]
[White "Sarno, Spartaco"]
[Black "Mauro, Alan"]
[Result "1-0"]
[WhiteElo "2400"]
[BlackElo "2245"]
[PlyCount "93"]
[EventDate "2001.08.22"]
[EventType "swiss"]
[EventRounds "9"]
[EventCountry "ITA"]
[SourceTitle "EXT 2002"]
[Source "ChessBase"]
[SourceDate "2001.11.25"]
[SourceVersion "1"]
[SourceVersionDate "2001.11.25"]
[SourceQuality "1"]

1. Nf3 c5 2. c4 g6 3. e3 Bg7 4. d4 Nf6 5. Nc3 0-0 6. Be2 d6 7. 0-0 Nc6 8. b3 Bf5 9. Bb2 Rb8 10. Qd2 cxd4 11. exd4 Ne4 12. Nxe4 Bxe4 13. Ng5 Bf5 14. d5 Bxb2 15. Qxb2 Ne5 16. Qd4 f6 17. f4 Nd7 18. Nf3 Bg4 19. Rfe1 Bxf3 20. Bxf3 Rf7 21. g3 Qa5 22. Re2 Qc5 23. Qf2 b5 24. cxb5 Rxb5 25. Rae1 Kf8 26. Rc2 Qxf2+ 27. Kxf2 Nc5 28. Ke3 e5 29. dxe6 Re7 30. Kd2 Nxe6 31. Rc8+ Kf7 32. Kc3 Rc7+ 33. Rxc7+ Nxc7 34. b4 a5 35. a3 h6 36. Be2 axb4+ 37. axb4 Rb6 38. Bc4+ d5 39. Bd3 f5 40. Ra1 Kf6 41. Ra7 Rc6+ 42. Kd2 d4 43. b5 Rc3 44. b6 Nd5 45. b7 Rb3 46. Bc4 Rb2+ 47. Kc1 1-0

[Event "Bratto op 21st"]
[Site "Bratto"]
[Date "2001.08.26"]
[Round "5"]
[White "Mauro, Alan"]
[Black "Lanzani, Mario"]
[Result "1/2-1/2"]
[WhiteElo "2245"]
[BlackElo "2380"]
[PlyCount "82"]
[EventDate "2001.08.22"]
[EventType "swiss"]
[EventRounds "9"]
[EventCountry "ITA"]
[SourceTitle "EXT 2002"]
[Source "ChessBase"]
[SourceDate "2001.11.25"]
[SourceVersion "1"]
[SourceVersionDate "2001.11.25"]
[SourceQuality "1"]

1. e4 c5 2. Nf3 Nc6 3. d4 cxd4 4. Nxd4 Qb6 5. Nb3 Nf6 6. Bd3 e6 7. Be3 Qc7 8. f4 h5 9. h3 h4 10. Nc3 Bb4 11. 0-0 Bxc3 12. bxc3 d6 13. Qf3 e5 14. Bc4 exf4 15. Bxf4 Ne5 16. Bxe5 dxe5 17. Bd5 Be6 18. Qd3 Rc8 19. Bxe6 fxe6 20. Qb5+ Kf7 21. Rad1 Kg6 22. Rf3 Qb6+ 23. Qxb6 axb6 24. a4 Rhd8 25. Rxd8 Rxd8 26. Rd3 Ra8 27. Rd6 Nxe4 28. Rxe6+ Kf5 29. Rxb6 Rd8 30. Kf1 Kf4 31. Ke1 Nxc3 32. Nd2 e4 33. Rb3 e3 34. Rxc3 Rxd2 35. Rc4+ Kg3 36. Rg4+ Kh2 37. Rxh4 Rxc2 38. Re4 Rxg2 39. Rxe3 Rg3 40. Re7 b6 41. Re6 Kxh3 1/2-1/2

[Event "Bratto op 21st"]
[Site "Bratto"]
[Date "2001.08.24"]
[Round "3"]
[White "Valori, Vincenzo"]
[Black "Mauro, Alan"]
[Result "0-1"]
[WhiteElo "2056"]
[BlackElo "2245"]
[PlyCount "66"]
[EventDate "2001.08.22"]
[EventType "swiss"]
[EventRounds "9"]
[EventCountry "ITA"]
[SourceTitle "EXT 2002"]
[Source "ChessBase"]
[SourceDate "2001.11.25"]
[SourceVersion "1"]
[SourceVersionDate "2001.11.25"]
[SourceQuality "1"]

1. e4 c5 2. Nc3 Nc6 3. f4 d6 4. Nf3 g6 5. Bc4 Bg7 6. 0-0 e6 7. d3 Nge7 8. Bb3 0-0 9. Qe1 Nd4 10. Nxd4 cxd4 11. Ne2 Nc6 12. Bd2 Bd7 13. g4 Kh8 14. Ng3 Qh4 15. Qe2 f5 16. g5 e5 17. exf5 Bxf5 18. Nxf5 gxf5 19. Qf2 Qxf2+ 20. Rxf2 e4 21. Re2 e3 22. Be1 a5 23. c3 a4 24. Bd5 a3 25. Bxc6 bxc6 26. Rc1 axb2 27. Rxb2 c5 28. cxd4 Bxd4 29. Bc3 Ra4 30. Re2 Ra3 31. Bxd4+ cxd4 32. Rb2 Rxd3 33. Rc7 Rd1+ 0-1

[Event "Faakersee op 17th"]
[Site "Latschach"]
[Date "2001.08.14"]
[Round "5"]
[White "Grom, Waldemar"]
[Black "Mauro, Alan"]
[Result "0-1"]
[WhiteElo "2001"]
[BlackElo "2245"]
[PlyCount "90"]
[EventDate "2001.08.04"]
[EventType "swiss"]
[EventRounds "9"]
[EventCountry "AUT"]
[SourceTitle "EXT 2002"]
[Source "ChessBase"]
[SourceDate "2001.11.25"]
[SourceVersion "1"]
[SourceVersionDate "2001.11.25"]
[SourceQuality "1"]

1. c4 Nf6 2. Nc3 g6 3. g3 Bg7 4. Bg2 0-0 5. e4 d6 6. d4 Nc6 7. Nge2 e5 8. d5 Ne7 9. 0-0 Nh5 10. Bg5 f6 11. Bd2 f5 12. f3 Nf6 13. Qc1 c6 14. Rb1 Bd7 15. Bg5 fxe4 16. fxe4 Qb6+ 17. Be3 Qb4 18. dxc6 Bxc6 19. Nd5 Nexd5 20. exd5 Bd7 21. b3 Bf5 22. a3 Qa5 23. b4 Qc7 24. Rxf5 gxf5 25. c5 Ng4 26. Qd2 Nxe3 27. Qxe3 Rae8 28. Rc1 f4 29. Qe4 Bh6 30. Rc3 Kh8 31. g4 Rf7 32. Bf3 Bf8 33. c6 Qb6+ 34. Kg2 a5 35. g5 Rg7 36. h4 axb4 37. axb4 Be7 38. Kh3 Reg8 39. Bg4 Bd8 40. Be6 Rf8 41. Bc8 bxc6 42. Rxc6 Qf2 43. Bg4 f3 44. Bxf3 Rxf3+ 45. Kg4 Re3 0-1

[Event "Estensi op"]
[Site "Estensi"]
[Date "2001.06.05"]
[Round "4"]
[White "Costantini, Roberto"]
[Black "Mauro, Alan"]
[Result "0-1"]
[WhiteElo "2268"]
[BlackElo "2225"]
[PlyCount "170"]
[EventDate "2001.06.02"]
[EventType "swiss"]
[EventRounds "9"]
[EventCountry "ITA"]
[SourceTitle "CBM 082 Extra"]
[Source "ChessBase"]
[SourceDate "2001.07.03"]
[SourceVersion "1"]
[SourceVersionDate "2001.07.03"]
[SourceQuality "1"]

1. e4 c5 2. Nf3 Nc6 3. d4 cxd4 4. Nxd4 g6 5. c4 Bg7 6. Be3 d6 7. Nc3 Nf6 8. Be2 0-0 9. 0-0 Nd7 10. Re1 Nc5 11. Bf1 Bd7 12. Rc1 a6 13. b3 Rc8 14. Qd2 Qa5 15. Red1 Nxd4 16. Bxd4 Bxd4 17. Qxd4 Ne6 18. Qe3 Bc6 19. Nd5 Rfe8 20. b4 Qa4 21. a3 Bxd5 22. Rxd5 Qc6 23. Rd3 a5 24. h4 axb4 25. axb4 Ng7 26. Rdc3 Qd7 27. Be2 Qe6 28. Bf3 Rc7 29. Qg5 Qe5 30. Qe3 Ne6 31. g3 h5 32. Rd3 Rec8 33. Rd5 Qf6 34. Be2 Rc6 35. Rb1 Ra8 36. Rdd1 Ra2 37. Rbc1 Qb2 38. Bd3 Qxb4 39. e5 Qc5 40. Qf3 Qxe5 41. Bb1 Rb2 42. Be4 Rc5 43. Bd5 Qe2 44. Qxe2 Rxe2 45. Bxb7 Rf5 46. f3 Nc5 47. Bd5 e6 48. Bc6 Nb3 49. Rc3 Na5 50. Be4 Rc5 51. Rxd6 Rxc4 52. Rxc4 Nxc4 53. Rd8+ Kg7 54. Kf1 Rb2 55. Kg1 Kf6 56. f4 Ne3 57. Rc8 Nf5 58. Rc3 Nd6 59. Bf3 Nf5 60. Be4 Re2 61. Bg2 Ke7 62. Rd3 Ke8 63. Bc6+ Kf8 64. Bg2 Ke7 65. Bf3 Nxg3 66. Bxe2 Nxe2+ 67. Kf2 Nxf4 68. Re3 f5 69. Kf3 Nd5 70. Ra3 Kf6 71. Ra6 Nc3 72. Ra8 Ne4 73. Rf8+ Kg7 74. Re8 Kf7 75. Rh8 e5 76. Ra8 Ke6 77. Rg8 Kf7 78. Ra8 Nf6 79. Ra7+ Kf8 80. Ra8+ Ke7 81. Ra7+ Nd7 82. Ra6 Nf8 83. Ra7+ Kf6 84. Ra8 Ne6 85. Rh8 e4+ 0-1